बौद्ध कला में नारी / (Record no. 121508)

MARC details
000 -LEADER
fixed length control field 01261nam a22002897a 4500
003 - CONTROL NUMBER IDENTIFIER
control field dpl
005 - DATE AND TIME OF LATEST TRANSACTION
control field 20190226122211.0
008 - FIXED-LENGTH DATA ELEMENTS--GENERAL INFORMATION
fixed length control field 190226b ||||| |||| 00| 0 eng d
010 ## - LIBRARY OF CONGRESS CONTROL NUMBER
LC control number B-235071
020 ## - INTERNATIONAL STANDARD BOOK NUMBER
Terms of availability 00.00
035 ## - SYSTEM CONTROL NUMBER
System control number B-235071, B-235074
037 ## - SOURCE OF ACQUISITION
Source of stock number/acquisition Cen Lib/Ret
040 ## - CATALOGING SOURCE
Original cataloging agency DPL
Language of cataloging HN
Transcribing agency 0
082 ## - DEWEY DECIMAL CLASSIFICATION NUMBER
Classification number 704.948943
Item number राववि
100 ## - MAIN ENTRY--PERSONAL NAME
Personal name राव, विनय कुमार
9 (RLIN) 43371
245 ## - TITLE STATEMENT
Title बौद्ध कला में नारी /
Statement of responsibility, etc विनय कुमार राव
246 ## - VARYING FORM OF TITLE
Title proper/short title Bauddh kala me nari /
Remainder of title by Vinay Kumar Rav
260 ## - PUBLICATION, DISTRIBUTION, ETC. (IMPRINT)
Place of publication, distribution, etc दिल्ली
Name of publisher, distributor, etc स्वाति पब्लिकेशन
Date of publication, distribution, etc 2006
270 ## - ADDRESS
City दिल्ली
Address ३४म सेंट्रल मार्किट, अशोक विहार
Postal code 110052
300 ## - PHYSICAL DESCRIPTION
Extent vii,175पृ. :
Dimensions 22सेमी(सजिल्द )
Other physical details सचित्र
500 ## - GENERAL NOTE
General note अनुक्रमाणिका शामिल
650 ## - SUBJECT ADDED ENTRY--TOPICAL TERM
Topical term or geographic name as entry element बोद्ध कला
General subdivision
Geographic subdivision
9 (RLIN) 93254
650 ## - SUBJECT ADDED ENTRY--TOPICAL TERM
Topical term or geographic name as entry element बोद्ध कला -- नारी चित्रण
9 (RLIN) 98940
650 ## - SUBJECT ADDED ENTRY--TOPICAL TERM
Topical term or geographic name as entry element Buddhist Art
9 (RLIN) 39125
650 ## - SUBJECT ADDED ENTRY--TOPICAL TERM
Topical term or geographic name as entry element Buddhist Art - Woman illustration
9 (RLIN) 98941
942 ## - ADDED ENTRY ELEMENTS (KOHA)
Source of classification or shelving scheme Dewey Decimal Classification
Koha item type Hindi Books
Classification part 704.948943
Call number suffix राववि
Holdings
Withdrawn status Lost status Damaged status Not for loan Home library Current library Date acquired Source of acquisition Cost, normal purchase price Total Checkouts Full call number Barcode Date last seen Date checked out Copy number Cost, replacement price Price effective from Koha item type Source of classification or shelving scheme Collection code
        Central Library Central Library 08/10/2015 Cen Lib/Ref 0.00 1 704.948943 राववि B-235071 24/09/2019 17/09/2019 1 0.00 08/10/2015 Hindi Books    
        Shahdara Branch Shahdara Branch 26/02/2019 BPPD/PUB 0.00   704.948943 राववि B-235074 26/02/2019     0.00 26/02/2019 Hindi Books Dewey Decimal Classification Non-fiction

© Delhi Public Library
Hit Counter
free hit counter